Változó megvilágításerősség hatása a szárazanyag produkcióra és a fotoszintetikus energiahasznosításra

Elmentve itt :
Bibliográfiai részletek
Szerző: Mihalik Erzsébet
További közreműködők: Horváth Imre (Témavezető)
Dokumentumtípus: Disszertáció
Megjelent: 1977
Kulcsszavak:Növénytan
Tárgyszavak:
Online Access:http://doktori.ek.szte.hu/7760
LEADER 00755nta a2200205 i 4500
001 dokt7760
005 20221011101240.0
008 221011s1977 hu om 0|| hun d
040 |a SZTE Doktori Repozitórium  |b hun 
041 |a hun 
100 1 |a Mihalik Erzsébet 
245 1 0 |a Változó megvilágításerősség hatása a szárazanyag produkcióra és a fotoszintetikus energiahasznosításra  |h [elektronikus dokumentum] /  |c  Mihalik Erzsébet 
260 |c 1977 
502 |a Disszertacio 
650 4 |a biológiai tudományok 
650 4 |a Természettudományok 
650 4 |a Biológiai tudományok 
695 |a Növénytan 
700 1 |a Horváth Imre  |e ths 
856 4 0 |u https://doktori.bibl.u-szeged.hu/id/eprint/7760/1/1977_mihalik_erzsebet.pdf  |z Dokumentum-elérés